00652naa a2200121 i 450000100060000000300090000600500170001500800410003204000290007310001710010224500930027377301640036610323KOSZ 00520180419134431.0180419s2009 pl |000 0 pol  aKOSZ 005/HRcKOSZ 005/HR aPARTACZ, Czesław.d2007-2012.bPolitechnika Koszalińska - Instytut Polityki Społecznej i Stosunków Międzynarodowych,cZakład Europy Środkowej i Wschodniej.10aPrzyczyny i tło konfliktu polsko-ukraińskiego w latach 1939-1947 /cCzesław Partacz.0 iW :tBiuletyn Informacyjny, 27 Dywizja Wołyńska AK. -dWarszawa : Światowy Związek Żołnierzy Armii Krajowej. -g2009, nr 1(101), s. 13-21x1234-0944